000 00407nam a2200169Ia 4500
008 221030s9999 xx 000 0 und d
020 _a8129700190
041 _aEnglish
082 _a105.23
_bDol
100 _aM. J. Dollinger
245 0 _aEntreprenurship Strategies & Resources
250 _a3rd
260 _bPearson Education
_aDelhi
_c2004
300 _a549
650 _aManagement
942 _cBK
999 _c2136
_d2136